[Event "Sochi ChessAmateur op10"]
[Site "Sochi"]
[Date "2018.10.16"]
[Round "7"]
[White "Zhukov, Anton"]
[Black "Hakobyan, Romik"]
[Result "1-0"]
[WhiteElo "2161"]
[BlackElo "2043"]
[PlyCount "79"]
[EventDate "2018.10.12"]
[EventType "swiss"]
[EventRounds "9"]
[EventCountry "RUS"]
[SourceTitle "CBM 187 Extra"]
[Source "ChessBase"]
[SourceDate "2018.11.04"]
[SourceVersion "1"]
[SourceVersionDate "2018.11.04"]
[SourceQuality "1"]

1. d4 Nf6 2. c4 e6 3. g3 c5 4. d5 exd5 5. cxd5 d6 6. Nc3 g6 7. Nf3 Bg7 8. Bg2 0-0 9. 0-0 a6 10. a4 Re8 11. h3 Nbd7 12. Nd2 Rb8 13. Nc4 Nb6 14. Na3 Bd7 15. a5 Nc8 16. Nc4 Bb5 17. Qb3 Bxc4 18. Qxc4 Na7 19. e4 Qd7 20. Re1 Nb5 21. Nxb5 axb5 22. Qd3 c4 23. Qd1 Qc7 24. Be3 Nd7 25. Qc2 Nc5 26. Bxc5 Qxc5 27. a6 b6 28. Kh2 Qd4 29. Re2 Ra8 30. f4 Ra7 31. e5 Rd8 32. exd6 Rxd6 33. Re8+ Bf8 34. Rb8 Rdd7 35. Qc3 Qc5 36. Qf6 Qc7 37. Rxf8+ Kxf8 38. Qh8+ Ke7 39. Re1+ Kd6 40. Qe5+ 1-0

[Event "Sochi ChessAmateur op10"]
[Site "Sochi"]
[Date "2018.10.13"]
[Round "3"]
[White "Hakobyan, Romik"]
[Black "Yandarbiev, Ruslan"]
[Result "1/2-1/2"]
[WhiteElo "2043"]
[BlackElo "2316"]
[PlyCount "133"]
[EventDate "2018.10.12"]
[EventType "swiss"]
[EventRounds "9"]
[EventCountry "RUS"]
[SourceTitle "CBM 187 Extra"]
[Source "ChessBase"]
[SourceDate "2018.11.04"]
[SourceVersion "1"]
[SourceVersionDate "2018.11.04"]
[SourceQuality "1"]

1. d4 Nf6 2. c4 g6 3. Nc3 Bg7 4. Nf3 0-0 5. e4 d6 6. Be2 e5 7. 0-0 Nc6 8. d5 Ne7 9. Ne1 Nd7 10. f3 f5 11. g4 Kh8 12. Be3 Ng8 13. Ng2 f4 14. Bf2 h5 15. h3 Bf6 16. Ne1 Bh4 17. Nd3 Bxf2+ 18. Rxf2 Nh6 19. Rh2 Nf7 20. Qe1 a6 21. Bf1 Kg7 22. Rc1 Rh8 23. Rcc2 Ng5 24. Qd1 Nf6 25. Rcg2 Bd7 26. Be2 hxg4 27. hxg4 Nh3+ 28. Kh1 Qe7 29. Nf2 Ng5 30. Rxh8 Rxh8+ 31. Rh2 Qd8 32. Qg1 Rxh2+ 33. Qxh2 c6 34. Nd3 cxd5 35. cxd5 Qb6 36. Qf2 Qc7 37. Bd1 Qc8 38. Be2 Bxg4 39. fxg4 Nfxe4 40. Nxe4 Nxe4 41. Qe1 Ng3+ 42. Kg1 Qc4 43. Bf1 Qxd5 44. Nf2 Qxa2 45. Qc1 Qf7 46. Qc8 e4 47. g5 e3 48. Ng4 e2 49. Qc3+ Kf8 50. Bh3 Qe6 51. Qh8+ Ke7 52. Qf6+ Qxf6 53. gxf6+ Kf7 54. Kf2 f3 55. Nh2 Ne4+ 56. Ke1 Ng5 57. Bc8 Kxf6 58. Bxb7 Ke5 59. Nxf3+ Nxf3+ 60. Bxf3 Kd4 61. Bxe2 a5 62. Kd2 g5 63. Bf3 Kc4 64. Bd1 Kb4 65. Kd3 g4 66. Bxg4 Kb3 67. Bd1+ 1/2-1/2

[Event "ARM-chT"]
[Site "Yerevan"]
[Date "2018.06.11"]
[Round "4.1"]
[White "Petrosian, Davit Gevorgi"]
[Black "Hakobyan, Romik"]
[Result "1-0"]
[WhiteElo "2400"]
[BlackElo "2062"]
[PlyCount "49"]
[EventDate "2018.06.08"]
[EventType "team-tourn"]
[EventRounds "7"]
[EventCountry "ARM"]
[SourceTitle "CBM 184 Extra"]
[Source "ChessBase"]
[SourceDate "2018.06.28"]
[SourceVersion "1"]
[SourceVersionDate "2018.06.28"]
[SourceQuality "1"]
[WhiteTeam "Ejmiadzin"]
[BlackTeam "Kanaker Zeytun"]
[WhiteTeamCountry "ARM"]
[BlackTeamCountry "ARM"]

1. e4 c6 2. d4 d5 3. f3 dxe4 4. fxe4 e5 5. Nf3 exd4 6. Bc4 Qa5+ 7. c3 dxc3 8. Nxc3 Nd7 9. Bf4 Bb4 10. Bxf7+ Kxf7 11. Qb3+ Ke8 12. Ng5 Nh6 13. 0-0 Nf6 14. Ne6 Ke7 15. Nc7 Bd7 16. e5 Bc5+ 17. Kh1 Raf8 18. exf6+ Rxf6 19. Rae1+ Kd8 20. Qxb7 Bd6 21. Bxd6 Rxd6 22. Qb8+ Bc8 23. Ne6+ Kd7 24. b4 Qb6 25. Nc5+ 1-0

[Event "Sochi Doroshkevich Amateur op"]
[Site "Sochi"]
[Date "2017.12.26"]
[Round "7"]
[White "Hakobyan, Romik"]
[Black "Beshukova, Alina"]
[Result "1/2-1/2"]
[WhiteElo "2045"]
[BlackElo "2125"]
[PlyCount "59"]
[EventDate "2017.12.21"]
[EventType "swiss"]
[EventRounds "9"]
[EventCountry "RUS"]
[SourceTitle "CBM 182 Extra"]
[Source "ChessBase"]
[SourceDate "2018.02.23"]
[SourceVersion "1"]
[SourceVersionDate "2018.02.23"]
[SourceQuality "1"]

1. d4 d5 2. Nf3 e6 3. c4 Be7 4. e3 Nf6 5. Nbd2 0-0 6. Bd3 b6 7. 0-0 Bb7 8. b3 Nbd7 9. Bb2 c5 10. Rc1 Rc8 11. Re1 Ne4 12. Qe2 Ndf6 13. Red1 Qc7 14. Ne5 Nxd2 15. Rxd2 Rfd8 16. Rdc2 Qb8 17. dxc5 dxc4 18. Rxc4 Rxc5 19. Rxc5 Bxc5 20. Ng4 Nxg4 21. Qxg4 Bf8 22. Rd1 f5 23. Qc4 Bd5 24. Qc2 Qb7 25. Bf1 Rc8 26. Qd2 Rc6 27. Rc1 Qc8 28. Rxc6 Qxc6 29. Qc3 Qxc3 30. Bxc3 1/2-1/2

[Event "Sochi Doroshkevich Amateur op"]
[Site "Sochi"]
[Date "2017.12.24"]
[Round "4"]
[White "Hakobyan, Romik"]
[Black "Mukhutdinov, Tigran"]
[Result "0-1"]
[WhiteElo "2045"]
[BlackElo "2210"]
[PlyCount "118"]
[EventDate "2017.12.21"]
[EventType "swiss"]
[EventRounds "9"]
[EventCountry "RUS"]
[SourceTitle "CBM 182 Extra"]
[Source "ChessBase"]
[SourceDate "2018.02.23"]
[SourceVersion "1"]
[SourceVersionDate "2018.02.23"]
[SourceQuality "1"]

1. d4 d5 2. c4 e6 3. Nf3 c6 4. Nbd2 f5 5. g3 Nf6 6. Ne5 Bd6 7. Nd3 b6 8. Bg2 Bb7 9. 0-0 Nbd7 10. b4 a5 11. c5 Be7 12. Nf4 Nf8 13. Qb3 axb4 14. Qxb4 N6d7 15. Nb3 Ba6 16. Nd3 Ng6 17. Qc3 Bxd3 18. exd3 bxc5 19. Re1 Kf7 20. Bb2 Rb8 21. Re2 Bf6 22. Nxc5 Nxc5 23. Qxc5 Qd7 24. a4 Rhc8 25. h4 Rb3 26. Rae1 Nf8 27. Qc1 Qa7 28. g4 fxg4 29. Ba3 g3 30. Bc5 Qxa4 31. Qf4 gxf2+ 32. Rxf2 Rxd3 33. Kh2 Kg8 34. Qg4 Rxd4 35. Bxd4 Qxd4 36. Qxd4 Bxd4 37. Ra2 Kf7 38. Ra4 Bc5 39. Rc1 Nd7 40. Bh3 Bd6+ 41. Kg2 Nc5 42. Ra7+ Kg6 43. Re1 Re8 44. Bg4 Nd3 45. Rb1 Nf4+ 46. Kh1 h5 47. Bd1 c5 48. Bc2+ Kf6 49. Rbb7 Re7 50. Rxe7 Bxe7 51. Kg1 c4 52. Rc7 Bd6 53. Rc6 Ke5 54. Kf2 Be7 55. Kf3 Bxh4 56. Bh7 g5 57. Rc8 g4+ 58. Ke3 Be1 59. Rc5 h4 0-1

[Event "Yerevan op 2nd"]
[Site "Yerevan"]
[Date "2017.09.27"]
[Round "9"]
[White "Petrosyan, Manuel"]
[Black "Hakobyan, Romik"]
[Result "1-0"]
[WhiteElo "2559"]
[BlackElo "1927"]
[PlyCount "61"]
[EventDate "2017.09.19"]
[EventType "swiss"]
[EventRounds "9"]
[EventCountry "ARM"]
[SourceTitle "EXT 2018"]
[Source "ChessBase"]
[SourceDate "2017.10.13"]
[SourceVersion "1"]
[SourceVersionDate "2017.10.13"]
[SourceQuality "1"]

1. d4 d5 2. c4 c6 3. Nc3 Nf6 4. e3 a6 5. Qc2 g6 6. Bd3 Bg7 7. b3 0-0 8. Nf3 Nbd7 9. 0-0 b5 10. e4 dxe4 11. Nxe4 Bb7 12. Rb1 Nxe4 13. Bxe4 e5 14. dxe5 Nxe5 15. Bb2 Qe7 16. Bxe5 Bxe5 17. Rfe1 f6 18. h4 Qg7 19. Rbd1 Rfe8 20. cxb5 cxb5 21. Bxb7 Qxb7 22. Nxe5 fxe5 23. Re4 Re7 24. Rd6 Rc8 25. Qe2 Rc6 26. Rxe5 Rxe5 27. Rd8+ Kf7 28. Qxe5 Rc1+ 29. Kh2 Qc7 30. Rd6 Qe7 31. Qd5+ 1-0

[Event "Yerevan op 1st"]
[Site "Yerevan"]
[Date "2016.10.09"]
[Round "8"]
[White "Hakobyan, Romik"]
[Black "Pogosyan, Stefan"]
[Result "0-1"]
[WhiteElo "1898"]
[BlackElo "2155"]
[PlyCount "88"]
[EventDate "2016.10.02"]
[EventType "swiss"]
[EventRounds "9"]
[EventCountry "ARM"]
[SourceTitle "EXT 2017"]
[Source "ChessBase"]
[SourceDate "2016.10.25"]
[SourceVersion "1"]
[SourceVersionDate "2016.10.25"]
[SourceQuality "1"]

1. d4 Nf6 2. c4 c5 3. d5 b5 4. cxb5 a6 5. b6 d6 6. Nc3 g6 7. e4 Bg7 8. Nf3 0-0 9. Qb3 Bb7 10. a4 a5 11. Nd2 Nfd7 12. Nc4 Ne5 13. f4 Nxc4 14. Bxc4 Nd7 15. 0-0 Nxb6 16. Be2 c4 17. Qd1 Qc7 18. Be3 Ba6 19. Bd4 Nd7 20. Bxg7 Kxg7 21. Qd4+ Kg8 22. Nb5 Bxb5 23. axb5 Qb6 24. Rfd1 Rfc8 25. Rac1 Qxb5 26. e5 Rab8 27. Bg4 Rc7 28. e6 Nf6 29. exf7+ Kxf7 30. Be6+ Kf8 31. Rc2 Qc5 32. g4 Rb4 33. g5 Ne4 34. Kg2 Qxd4 35. Rxd4 c3 36. Rxb4 axb4 37. bxc3 b3 38. Re2 Nxc3 39. Rb2 Rb7 40. f5 Na4 41. Rf2 b2 42. fxg6+ Kg7 43. Bf5 hxg6 44. Be6 Rb8 0-1

[Event "Yerevan op 1st"]
[Site "Yerevan"]
[Date "2016.10.06"]
[Round "5"]
[White "Hakobyan, Romik"]
[Black "Apresyan, Zohrak"]
[Result "0-1"]
[WhiteElo "1898"]
[BlackElo "2180"]
[PlyCount "92"]
[EventDate "2016.10.02"]
[EventType "swiss"]
[EventRounds "9"]
[EventCountry "ARM"]
[SourceTitle "EXT 2017"]
[Source "ChessBase"]
[SourceDate "2016.10.25"]
[SourceVersion "1"]
[SourceVersionDate "2016.10.25"]
[SourceQuality "1"]

1. d4 Nf6 2. c4 c5 3. d5 b5 4. cxb5 a6 5. b6 Qxb6 6. Nc3 g6 7. e4 d6 8. Nf3 Bg4 9. Be2 Nbd7 10. Nd2 Bxe2 11. Qxe2 Bg7 12. Nc4 Qc7 13. 0-0 Nb6 14. Ne3 0-0 15. a4 a5 16. Nb5 Qd7 17. Nd1 e6 18. dxe6 fxe6 19. Nxd6 Qxd6 20. e5 Qc6 21. exf6 Bxf6 22. Bh6 Rf7 23. Ne3 Bd4 24. Ng4 e5 25. Bg5 Kg7 26. Bh6+ Kg8 27. Bg5 Rff8 28. Ra3 h5 29. Ne3 Kg7 30. b3 Rf7 31. Ra2 Nd5 32. Nxd5 Qxd5 33. Be3 Qxb3 34. Bxd4 exd4 35. Rb2 Qd5 36. Rb5 d3 37. Qb2+ Kh7 38. Qc3 Rc8 39. Rd1 Rd7 40. g3 Qd4 41. Qxa5 c4 42. Qa6 Rcc7 43. Rb6 Rf7 44. Rf1 Rxf2 45. Rxf2 d2 46. Rb1 Rf7 0-1

[Event "Yerevan op 1st"]
[Site "Yerevan"]
[Date "2016.10.05"]
[Round "4"]
[White "Nabaty, Tamir"]
[Black "Hakobyan, Romik"]
[Result "1-0"]
[WhiteElo "2644"]
[BlackElo "1898"]
[PlyCount "55"]
[EventDate "2016.10.02"]
[EventType "swiss"]
[EventRounds "9"]
[EventCountry "ARM"]
[SourceTitle "EXT 2017"]
[Source "ChessBase"]
[SourceDate "2016.10.25"]
[SourceVersion "1"]
[SourceVersionDate "2016.10.25"]
[SourceQuality "1"]

1. d4 d5 2. Bf4 Bf5 3. c4 dxc4 4. Nc3 Nf6 5. f3 e6 6. e4 Bg6 7. Bxc4 c6 8. Nge2 Nbd7 9. 0-0 Nb6 10. Bd3 Be7 11. Qb3 0-0 12. Rfd1 c5 13. Nb5 cxd4 14. Rac1 Nfd7 15. Bc7 Qe8 16. Nd6 Bxd6 17. Bxd6 e5 18. a4 Qe6 19. Qxe6 fxe6 20. a5 Na4 21. Bb5 Nxb2 22. Rd2 d3 23. Ng3 Rfc8 24. Rxc8+ Rxc8 25. Rxb2 Rc1+ 26. Kf2 Rc2+ 27. Rxc2 dxc2 28. Ne2 1-0